000 00358nam a2200145Ia 4500
008 230917s9999||||xx |||||||||||||| ||und||
040 _e203265
_aMAIN
041 _aEnglish
082 _a658.3 P977H
100 _aPurvey,Ramashish
245 0 _aHuman resource management in banks.
260 _aNew Delhi
_bSerial
_c2010
300 _a276 p.
942 _cBK
999 _c165295
_d165295